000 00509nam a22001457a 4500
003 0
005 20160609172134.0
008 130809t xxu||||| |||| 00| 0 eng d
040 _aBUAC
_bFr
_cBEPAC
100 _aAKPO, Erick A.
_925981
245 _aParticipation des confréries villageoises de chasseurs à la surveillance du forêt classée de WARI-MARO : problèmes et perspectives
_cAKPO, Erick A.
260 _aAbomey-Calavi
_bEcole Polytechnique d’Abomey-Calavi
_c2006
300 _a38p.
942 _cTHE
999 _c52272
_d52272